Теоретические основы пассажирских межмуниципальных автомобильных перевозок (Запись № 12662724)

Подробности
000 -МАРКЕР
контрольное поле 02364nam0a2200385 4500
001 - ИДЕНТИФИКАТОР ЗАПИСИ
контрольное поле RU\NLR\BIBL_A\012629532
005 - ИДЕНТИФИКАТОР ВЕРСИИ
контрольное поле 20220929112406.0
010 ## - МЕЖДУНАРОДНЫЙ СТАНДАРТНЫЙ НОМЕР КНИГИ (ISBN)
Номер (ISBN) 978-5-7410-2463-8
Тираж 300
021 ## - НОМЕР ГОСУДАРСТВЕННОЙ РЕГИСТРАЦИИ
Код страны Российская Федерация
Номер КН-П-21-040335
Номер Листа государственной регистраци КН-П-21-3157
035 ## - ДРУГИЕ СИСТЕМНЫЕ НОМЕРА
Идентификатор записи (NLR Aleph) 012629532
100 ## - ДАННЫЕ ОБЩЕЙ ОБРАБОТКИ
Данные общей обработки 20211022d2020 k y0rusy50 ca
101 0# - ЯЗЫК РЕСУРСА
Язык текста, звукозаписи и т.д. русский
102 ## - СТРАНА ПУБЛИКАЦИИ ИЛИ ПРОИЗВОДСТВА
Страна публикации Российская Федерация
105 ## - ПОЛЕ КОДИРОВАННЫХ ДАННЫХ: ТЕКСТОВЫЕ МАТЕРИАЛЫ, МОНОГРАФИЧЕСКИЕ
Кодированные данные о монографическом текстовом документе ab||z|||000zy
181 #0 - ПОЛЕ КОДИРОВАННЫХ ДАННЫХ: ВИД СОДЕРЖАНИЯ
Код вида содержания (ISBD) i3
Код характеристики содержания (ISBD) axxe
182 #0 - ПОЛЕ КОДИРОВАННЫХ ДАННЫХ: ТИП СРЕДСТВА
Код типа средства (ISBD) n - непосредственное
200 1# - ЗАГЛАВИЕ И СВЕДЕНИЯ ОБ ОТВЕТСТВЕННОСТИ
Основное заглавие Теоретические основы пассажирских межмуниципальных автомобильных перевозок
Сведения, относящиеся к заглавию монография
Первые сведения об ответственности Н. Н. Якунин, И. И. Любимов, Н. В. Якунина, А. Ф. Фаттахова
Последующие сведения об ответственности Министерство науки и высшего образования Российской Федерации, Федеральное государственное бюджетное образовательное учреждение высшего образования "Оренбургский государственный университет"
203 ## - ВИД СОДЕРЖАНИЯ И ТИП СРЕДСТВА
Вид содержания Текст
Дополнительные сведения об издании визуальный
Тип средства непосредственный
210 ## - ПУБЛИКАЦИЯ, РАСПРОСТРАНЕНИЕ И ДР.
Место издания, распространения и т.д. Оренбург
Имя издателя, распространителя и т. д. Оренбургский государственный университет
Дата издания, распространения и т.д. 2020
215 ## - ФИЗИЧЕСКАЯ ХАРАКТЕРИСТИКА
Специфическое обозначение материала и объем 191, [1] с.
Другие сведения о физической характеристике ил., карт.
Размеры 21
300 ## - ОБЩИЕ ПРИМЕЧАНИЯ
Текст примечания Авт. указаны на обороте тит. с.
606 1# - НАИМЕНОВАНИЕ ТЕМЫ КАК ПРЕДМЕТ
Наименование темы Автобусные перевозки междугородные
Тематический подзаголовок Организация
Системный номер авторитетной/нормативной записи 1174911
Идентификатор авторитетной/нормативной записи RU\NLR\AUTH\66154342
686 1# - ИНДЕКСЫ ДРУГИХ КЛАССИФИКАЦИЙ
Индекс О385.302
701 #1 - ИМЯ ЛИЦА - АЛЬТЕРНАТИВНАЯ ОТВЕТСТВЕННОСТЬ
Начальный элемент ввода Якунин
Часть имени, кроме начального элемента ввода Н. Н.
Дополнения к именам, кроме дат д-р техн. наук
Расширение инициалов личного имени Николай Николаевич
Системный номер авторитетной/нормативной записи 176922
Идентификатор авторитетной/нормативной записи RU\NLR\AUTH\770176973
701 #1 - ИМЯ ЛИЦА - АЛЬТЕРНАТИВНАЯ ОТВЕТСТВЕННОСТЬ
Начальный элемент ввода Любимов
Часть имени, кроме начального элемента ввода И. И.
Дополнения к именам, кроме дат канд. техн. наук
Расширение инициалов личного имени Игорь Ильич
Системный номер авторитетной/нормативной записи 176951
Идентификатор авторитетной/нормативной записи RU\NLR\AUTH\770177002
701 #1 - ИМЯ ЛИЦА - АЛЬТЕРНАТИВНАЯ ОТВЕТСТВЕННОСТЬ
Начальный элемент ввода Якунина
Часть имени, кроме начального элемента ввода Н. В.
Дополнения к именам, кроме дат д-р техн. наук
Расширение инициалов личного имени Наталья Владимировна
Системный номер авторитетной/нормативной записи 176937
Идентификатор авторитетной/нормативной записи RU\NLR\AUTH\770176988
701 #1 - ИМЯ ЛИЦА - АЛЬТЕРНАТИВНАЯ ОТВЕТСТВЕННОСТЬ
Начальный элемент ввода Фаттахова
Часть имени, кроме начального элемента ввода А. Ф.
Расширение инициалов личного имени Альмира Файзулловна
712 02 - НАИМЕНОВАНИЕ ОРГАНИЗАЦИИ - ВТОРИЧНАЯ ОТВЕТСТВЕННОСТЬ
Код отношения Издающая организация
Начальный элемент ввода Оренбургский государственный университет
Системный номер авторитетной/нормативной записи 461907
Идентификатор авторитетной/нормативной записи RU\NLR\AUTH\889983002
942 ## - ДОПОЛНИТЕЛЬНЫЕ ЭЛЕМЕНТЫ ЗАПИСИ (АБИС)
Тип экземпляра АБИС Книга
980 ## - КОЛЛЕКЦИЯ
Название коллекции НБР
980 ## - КОЛЛЕКЦИЯ
Название коллекции Национальная библиография

Нет доступных экземпляров.